000 00567nam a2200181Ia 4500
008 090124s9999 xx 000 0 und d
082 _b5551
_a712
100 _aटिळक लक्ष्मीबाई
245 _a स्मृति चित्रे-4
250 _a1
260 _c1936
300 _a191
600 _aटिळक लक्ष्मीबाई
630 _a स्मृति चित्रे-4
700 _aटिळक लक्ष्मीबाई
730 _a स्मृति चित्रे-4
942 _cBOOK
999 _c119492
_d119492